000 00507nam a22001817a 4500
005 20250602133131.0
008 250602b |||||||| |||| 00| 0 eng d
020 _a9781485120773
041 _aEnglish
082 _a344.1 GRO
100 _lEnglish
245 _aDismissal /
_cJ Grogan
250 _aThird Edition
260 _aCape Town:
_bJuta and Company (Pty) Ltd,
_c2017
300 _bxliv, 755 pages;
_c26 cm.
650 _aLegal practice
_bLaw
942 _cBK
_6ALISON_BN_VRIES
999 _c3304
_d3304